Normal view MARC view

Entry Personal Name

Number of records used in: 1

001 - CONTROL NUMBER

  • control field: 307774

003 - CONTROL NUMBER IDENTIFIER

  • control field: DLC

005 - DATE AND TIME OF LATEST TRANSACTION

  • control field: 20241016153927.0

008 - FIXED-LENGTH DATA ELEMENTS

  • fixed length control field: 210623n| azannabbn |n aaa c

010 ## - LIBRARY OF CONGRESS CONTROL NUMBER

  • LC control number: no2021075498

035 ## - SYSTEM CONTROL NUMBER

  • System control number: (OCoLC)oca13795612

040 ## - CATALOGING SOURCE

  • Original cataloging agency: UPB
  • Language of cataloging: eng
  • Description conventions: rda
  • Transcribing agency: UPB

046 ## - SPECIAL CODED DATES

  • Start period: 20

100 1# - HEADING--PERSONAL NAME

  • Personal name: Charlow, Reneé L.

372 ## - FIELD OF ACTIVITY

  • Field of activity: Theater
  • Source of term: lcsh

373 ## - ASSOCIATED GROUP

  • Associated group: Karamu House
  • Source of term: naf

373 ## - ASSOCIATED GROUP

  • Associated group: Virginia Commonwealth University
  • Source of term: naf

373 ## - ASSOCIATED GROUP

  • Associated group: Bowie State University
  • Source of term: naf

373 ## - ASSOCIATED GROUP

  • Associated group: My Creative Spirit

374 ## - OCCUPATION

  • Occupation: Actors
  • Source of term: lcsh

374 ## - OCCUPATION

  • Occupation: Artistic directors
  • Source of term: aat

375 ## - GENDER

  • Gender: Females
  • Source of term: lcdgt

377 ## - ASSOCIATED LANGUAGE

  • Language code: eng

670 ## - SOURCE DATA FOUND

  • Source citation: Shange, Ntozake. Dance we do, 2020:
  • Information found: title page (afterword by Renée L. Charlow) page 134 (Reneé L. Charlow was personal assistant to Ntozake Shange from 2014 to 2018. She is an actor, director, writer, and theatre professor. She served as associate producer and assistant director for the production of Shange's "Lost in Language and Sound" at Karamu House, Cleveland, Ohio, and directed "for colored girls who have considered suicide/when the rainbow is enuf" at Virginia Commonwealth University and Bowie State University. She can be reached at mycreativespirit.net)

670 ## - SOURCE DATA FOUND

  • Source citation: My Creative Spirit, via WWW, June 22, 2021
  • Information found: (Reneé Charlow, My Creative Spirit founder/artistic director)